Fermentos de lucha: hambre y miseria en Guatemala 1944-1950 /

Se muestra el movimiento obrero en Guatemala, por medio de la presentación de diversos relatos que dan cuenta de la vida cotidiana de los sectores trabajadores de la ciudad en el proceso de creación de un sindicalismo organizado. Los acontecimientos que se describen desembocaron en la Revolución de...

Descripció completa

Guardat en:
Dades bibliogràfiques
Autor principal: Ruiz Franco, Arcadio
Format: Desconegut
Idioma:Spanish
Publicat: Guatemala: Editorial Universitaria de la Universidad de San Carlos de Guatemala
Col·lecció:Colección Editorial Universitaria n°4
Matèries:
Etiquetes: Afegir etiqueta
Sense etiquetes, Sigues el primer a etiquetar aquest registre!

MARC

LEADER 00000 a2200000 04500
001 49018
003 cru CIDCACS/IIS
005 20170912162518.0
008 991231s gt spa d
999 |c 2331  |d 2331 
040 |c cru CIDCACS/IIS 
090 |a 05.03.06 R934f  
100 |a Ruiz Franco, Arcadio  
245 |a Fermentos de lucha:   |b hambre y miseria en Guatemala 1944-1950 /   |c Arcadio Ruiz Franco  
260 |a Guatemala:   |b Editorial Universitaria de la Universidad de San Carlos de Guatemala  
300 |a 226 páginas  
440 |a Colección Editorial Universitaria   |v n°4  
520 |a Se muestra el movimiento obrero en Guatemala, por medio de la presentación de diversos relatos que dan cuenta de la vida cotidiana de los sectores trabajadores de la ciudad en el proceso de creación de un sindicalismo organizado. Los acontecimientos que se describen desembocaron en la Revolución de 1944, hasta el año de 1950 con la presidencia de Jacobo Arbenz Guzmán. Se realiza un aporte importante a la reconstrucción de la memoria histórica del movimiento obrero en dicho país. 
650 1 0 |9 1516  |a ORGANIZACIONES DE TRABAJADORES  
650 1 0 |9 2228  |a SINDICALISMO 
650 1 0 |9 3309  |a CLASE OBRERA  
650 1 0 |9 674  |a CONFLICTOS SOCIALES 
650 4 |9 3244  |a LUCHA DE CLASES 
651 1 0 |9 142  |a GUATEMALA 
942 |2 ddc  |c LI